| 000 | 00829nam a2200205Ia 4500 | ||
|---|---|---|---|
| 008 | 0000001988 ck a 0000000000spa00 | ||
| 090 | _aPUS00 A51p | ||
| 100 | 1 |
_aAmaral, Jim _d1933 |
|
| 245 | 1 | 0 |
_aPinturas y mesas _c/ Jim Amaral |
| 300 |
_a[16] p. _c/ 28 cm. |
||
| 500 | _aJohn James Amaral Ratti nombre real de Jim Amaral \ Exposición realizada en Galería Garcés Velásquez de Bogotá en 1988 | ||
| 505 | _aOBRAS: Mesa de cariatides Puerta lunar 58 Quietud lunar 77A, 77b, 77c, 77d Mancha lunar Fuga Mancha solar | ||
| 600 | 0 | 0 |
_a AMARAL, JIM, 1933/ _xTRABAJOS PICTORICOS |
| 650 | 1 | 4 | _a PINTURA ESTADOUNIDENSE |
| 650 | 1 | 4 | _aARTE ESTADOUNIDENSE |
| 650 | 1 | 4 | _xCATALOGOS |
| 650 | 1 | 4 | _xEXPOSICIONES |
| 650 | 1 | 4 | _aPINTORES ESTADOUNIDENSES |
| 999 |
_c14035 _d14035 |
||
| 260 |
_aBogotá : Galería Garcés Velásquez _c1988 |
||